Digital marketing: Strategic planning and integration (Record no. 2948)

MARC details
000 -LEADER
fixed length control field 00502nam a2200169Ia 4500
008 - FIXED-LENGTH DATA ELEMENTS--GENERAL INFORMATION
fixed length control field 230917s9999||||xx |||||||||||||| ||und||
020 ## - ISBN
Price RS 550.00
040 ## - CATALOGING SOURCE
-- 5003753
Original cataloging agency VIVEKANANDA LIBRARY
041 ## - Language
-- English
082 ## - DDC NUMBER
Classification number 658.872 H195D
100 ## - MAIN ENTRY--PERSONAL NAME
Personal name Hanlon, Annmarie
245 #0 - TITLE STATEMENT
Title Digital marketing: Strategic planning and integration
260 ## - PUBLICATION, DISTRIBUTION, ETC. (IMPRINT)
Place of publication, distribution, etc New Delhi
Name of publisher, distributor, etc Sage Publications India
Date of publication, distribution, etc 2019
300 ## - PHYSICAL DESCRIPTION
Pages xviii, 341 p.
500 ## - GENERAL NOTE
General note 4137 18/10/2021 RK21/1080 28/10/2021 IMSAR (Dev. & Research)
942 ## - ADDED ENTRY ELEMENTS (KOHA)
Koha item type Books
Holdings
Withdrawn status Lost status Damaged status Not for loan Location (home branch) Sublocation or collection (holding branch) Shelving location Date acquired Koha issues (times borrowed) Koha full call number Accession No. Koha date last seen Koha item type
        VIVEKANANDA LIBRARY VIVEKANANDA LIBRARY IMSAR Library 17/12/2021   658.872 H195D 397841 17/09/2023 Books
        VIVEKANANDA LIBRARY VIVEKANANDA LIBRARY IMSAR Library 17/12/2021   658.872 H195D 397842 17/09/2023 Books
        VIVEKANANDA LIBRARY VIVEKANANDA LIBRARY IMSAR Library 17/12/2021 1 658.872 H195D 397843 17/04/2025 Books
        VIVEKANANDA LIBRARY VIVEKANANDA LIBRARY IMSAR Library 17/12/2021   658.872 H195D 397844 17/09/2023 Books
© Designed and Maintained by Vivekananda Library, MDU Rohtak